Bumble y los marineros de papel /

Chiquitos y livianos, el barco y sus marineros andan averiguando qué cosa es el mar. ¡Y reciben cada noticia! Esta historia es para ser mirada, contada, escuchada, leída, seguida con el dedo, repetida, guardada como un osito de trapo y sacada cada vez que haga falta.

Guardado en:
Autor Principal: Devetach, Laura.
Otros Autores: Roldán, Gustavo; il.
Formato: Libro
Idioma:Undetermined
Publicado: Buenos Aires : Colihue, 1995.
Series:Libros del Monigote
Materias:
Etiquetas: Agregar Etiqueta
Sin Etiquetas, Sea el primero en etiquetar este registro!
LEADER 00916nam a22002055a 4500
001 CEM.cems021084
008 240425s1995####ag############000#0#und#d
005 20240425152605.0
245 1 0 |a Bumble y los marineros de papel /  |c Laura Devetach ; ilustrado por Gustavo Roldán. 
260 |a Buenos Aires :  |b Colihue,  |c 1995. 
300 |a 32 p. 
490 1 |a Libros del Monigote 
520 |a Chiquitos y livianos, el barco y sus marineros andan averiguando qué cosa es el mar. ¡Y reciben cada noticia! Esta historia es para ser mirada, contada, escuchada, leída, seguida con el dedo, repetida, guardada como un osito de trapo y sacada cada vez que haga falta. 
020 |a 9505817452 
100 1 |a Devetach, Laura. 
700 1 |a Roldán, Gustavo; il. 
653 |a Literatura argentina 
653 |a Literatura infantil 
653 |a Novela infantil 
859 |a CEMS  |b BIB. CEMS - Inicial y Primaria  |h A863.4  |i D494-16  |k IP  |p 3492  |t Ej.1